Quizzes
Events
Quiz Creation
Community
Videos
Private Events
Remove Ads
Sign In
Join for FREE
Feedback
Dark Mode
Quiz Categories
Sports
Geography
Music
Movies
Television
Just For Fun
Miscellaneous
History
Literature
Language
Science
Gaming
Entertainment
Religion
Holiday
For Kids
Quiz Lab
Recent
Popular Today
Quiz Kudos Today
Editor Picks
Curator Picks
Quizzes by...
Day
Popularity
Type
Ratings
Length
Year
Community
Subscriptions
Recent Discussions
Orange Saloon
Badges
Playlists
Quests
Create
Leaderboards
Showdown
Live 5
Trivia Bingo
Activity
Puzzle Library
Sporcle Events
Private Events
Virtual Trivia
Globe League
Become a Host
Pub Owners
SporcleCon
Opinionation
Our Games
Videos
Blog
Mobile Apps
Partnerships
Remove Ads and Go Orange
Feedback
Television
TV Characters
TV Show
Sitcom
Network
Friends
Reality Shows
Cast
South Park
Star Trek
The Simpsons
Doctor Who
Television
TV Characters
TV Show
Sitcom
Network
Friends
Reality Shows
Cast
South Park
Star Trek
The Simpsons
Doctor Who
Random Quiz
Search Sporcle
×
Quiz Lab
Quiz Lab
Television
League
Type in answers that appear in a list
Type in answers that appear in a list
Classic
Best Score? Go Orange.
The League (FX) Trivia Stats
Can you name the The League (FX) Trivia?
By
gpap
10m
19 Questions
2,648 Plays
2,648 Plays
2,648 Plays
Comments
Comments
Give Quiz Kudos
Give Quiz Kudos
-
- Ratings
hide this ad
Replay
Link that replays current quiz
Next Quiz
Link to next quiz in quiz playlist
You Got
0%
They Got
Avg Score
52%
Avg Friend Score
Upgrade to see
Score Distribution
Jump to the score distribution portion of the page
Score
0/19
Timer
10:00
0
Plays Today
Hint
Answer
% Correct
What product does Taco buy in Chinatown?
Three Penis Wine
81.7%
The phrase, made popular by Chad Ochocinco, that Andre tries to use?
'Child, please'
80.7%
The cocaine toilet seat leads _
_
_
_
_
_
to smash Andre's Kluneberg painting?
Rafi (El Cuñado)
76.5%
Taco's hobby was writing obituaries, who did he predict would live until 2071?
Pete
76.3%
The point during the sexual experience when a man is about to orgasm?
The Vinegar Strokes
71.5%
What does Kevin have trouble supressing in Shiva's apartment?
The Ultimate Shiva Blast
66.9%
Who does Ruxin run into in the hot tub at the spa?
Antonio Gates
65.5%
Who does Ruxin get to visit a young boy in the hospital, despite the boy's wish to meet Terrell Suggs?
Josh Cribbs
60.1%
What is Ruxin caught doing in his hotel room in Vegas?
Rosterbating
57.6%
What injury does Andre sustain prior to the marathon?
Turf Toe
57.2%
Hint
Answer
% Correct
What does Pete invent after his sandwich gets contaminated in the bathroom?
The Bathroom Cubby
56%
What retired player does Andre draft?
Keyshawn Johnson
50.4%
What runningback, listed as 'Questionable,' does Pete ask Terry Bradshaw for an injury update?
LaDainian Tomlinson
41.4%
The NFL kicker that missed a 37-
yard field goal to eliminate Kevin from the Shiva Bowl?
David Akers
35.8%
During the seance for Potato the monkey, name one of the five bands Taco suggests as the horrible noise that Darcy the witch heard?
Savage Garden
29.7%
Andre's affliction that leads to his last place finish and the Sacko?
Draids
27.1%
5 pounds of dough, meat and cheese that Pete claimed he had eaten?
The Holy Stromboli
25%
What is Rafi's strategy to become sober enough to drive?
Crap and a Mint
23.3%
Ruxin re-
named his team the _
_
_
_
_
_
_
_
_
_
_
_
_
_
_
_
_
_
_
_
_
_
_
_
_
_
_
_
_
_
_
_
_
in retaliation for removal of his post from the message boards.
The Kevin's Micro Dongs
17.2%
Quiz Playlist
Details
Report
Send in Message
Add To Playlist
Classic:
Type in answers that appear in a list
Last Updated: Sep 7, 2018
Quiz Scoreboard
CHALLENGE
Sign Up to Join the Scoreboard
Show All
Scores
Hide
Comments
May contain spoilers
Recently Published
Movies - When Are They Set?
by FPL_Elf
Movies
5m
Popular People in 1961
by mucciniale
History
6m
1-10 Letter E Words III
by El_Dandy
Language
2m
More to Explore
Quiz From the Vault
Featured Blog Post
Where Did the Easter Bunny Come From?
hide this ad
You Might Also Like...
Tags
League
The League
Today's Top Quizzes in Television
Browse Television
hide this ad
Today's Top Quizzes in League
Browse League
Top Contributed Quizzes in Television
1
One Piece Logic Puzzle
2
Survivor Logic Puzzle: Heroes vs. Villains
3
Survivor Seasons
4
Survivor Season by Logo
5
Survivor Trivia
6
One Thing in Common: Television
7
Who Wants to Be a Millionaire?
8
Survivor Logic Puzzle: Winners at War
9
Ultimate Survivor Logic Puzzle
10
Phoebe Buffay Quotes
Explore More
Trending Topics
Disney
NBA
Marvel
Crossword
Anime
Harry Potter
Kpop
Song
NFL
Soccer
Puzzle
The Office
Pokémon
Country
WWE
hide this ad
More By:
gpap
Quiz
Plays
Rating
Category
Featured
Created
The League (FX) Trivia
2,648
3.44
Television
Aug 28, 2011
Blackadder the Third: Trivia
1,319
4.67
Television
Dec 5, 2010
NHL Trophy Winners (Sweden and Finland)
881
4.25
Sports
Jun 24, 2010
Vancouver Canucks 2011 Stanley Cup Finals Roster
622
5.00
Sports
Jun 5, 2011
Vancouver Canucks Points Leaders- 2000s
572
5.00
Sports
Feb 6, 2010
Go to Creator's Profile
Score Distribution
Quiz Creator Spotlight
gpap
Follow
Send a Message
Quizzes Created
-
Created Quiz Play Count
-
More By This Creator
Popular Quizzes Today
1
Find the Countries of Europe - No Outlines Minefield
2
Find the US States - No Outlines Minefield
3
The Countries of the World
4
Popular People in 1961
5
US States
6
1-10 Letter E Words III
7
Find the US States
8
One Thing in Common: World Cities II
More Television Quizzes
Looney Tunes on the Blackboard
Editor's Pick
Trending Quizzes
Risky Map Clicking: Least Populous States A-Z
1-10 Letter F Words
Humor Books: The Subtitles
1-10 Letter G Words
One Thing in Common: United Kingdom
Recently Updated
Leaping Animals
pecheneg
Reality TV Shows (A-Z)
bhenderson79
Rickey Henderson's Hall of Fame Teammates
pecheneg
Champions League XIs: Arsenal
pecheneg
Quick Pick: Celebrities in WWE's Hall of Fame
aduchscher
A-Z Keypad Blitz II
pecheneg
Multiple Oscar Actors
pecheneg
Mystery Phrase Blitz: Oscar 'Best Actors'
pecheneg
F. Scott Fitzgerald Novels
LTH
Pick 3 Villains
ddd62291
Trending Topics
Disney
Crossword
Kpop
Harry Potter
NBA
Marvel
Anime
Country
NFL
Puzzle
Pokémon
Song
Soccer
The Office
WWE
Your Account Isn't Verified!
In order to create a playlist on Sporcle, you need to verify the email address you used during registration. Go to your
Sporcle Settings
to finish the process.
Report this User
Report this user for behavior that violates our
Community Guidelines
.
Details:
Send Report
Go to the Sporcle.com Mobile Site →
Comments